<?xml version="1.0" encoding="UTF-8"?>
<record
    xmlns:xsi="http://www.w3.org/2001/XMLSchema-instance"
    xsi:schemaLocation="http://www.loc.gov/MARC21/slim http://www.loc.gov/standards/marcxml/schema/MARC21slim.xsd"
    xmlns="http://www.loc.gov/MARC21/slim">

  <leader>01645nam0a2200373   4500</leader>
  <controlfield tag="001">RU\NLR\bibl\408488</controlfield>
  <controlfield tag="005">20250622170427.0</controlfield>
  <datafield tag="021" ind1=" " ind2=" ">
    <subfield code="a">RU</subfield>
    <subfield code="b">2003-20874</subfield>
    <subfield code="9">967</subfield>
  </datafield>
  <datafield tag="035" ind1=" " ind2=" ">
    <subfield code="a">(NLR Aleph) 000402576</subfield>
  </datafield>
  <datafield tag="090" ind1=" " ind2=" ">
    <subfield code="a">584538</subfield>
    <subfield code="c">584538</subfield>
  </datafield>
  <datafield tag="100" ind1=" " ind2=" ">
    <subfield code="a">20030606d2003    |||y0rusy50      ca</subfield>
  </datafield>
  <datafield tag="101" ind1="0" ind2=" ">
    <subfield code="a">rus</subfield>
  </datafield>
  <datafield tag="102" ind1=" " ind2=" ">
    <subfield code="a">RU</subfield>
  </datafield>
  <datafield tag="105" ind1=" " ind2=" ">
    <subfield code="a">a   |||||||||</subfield>
  </datafield>
  <datafield tag="200" ind1="1" ind2=" ">
    <subfield code="a">&#x418;&#x441;&#x441;&#x43B;&#x435;&#x434;&#x43E;&#x432;&#x430;&#x43D;&#x438;&#x435; &#x43C;&#x430;&#x43B;&#x43E;&#x433;&#x430;&#x431;&#x430;&#x440;&#x438;&#x442;&#x43D;&#x44B;&#x445; &#x446;&#x438;&#x43B;&#x438;&#x43D;&#x434;&#x440;&#x438;&#x447;&#x435;&#x441;&#x43A;&#x438;&#x445; &#x43F;&#x430;&#x440;&#x43E;&#x432;&#x43E;&#x434;&#x43E;&#x433;&#x440;&#x435;&#x439;&#x43D;&#x44B;&#x445; &#x43A;&#x43E;&#x442;&#x43B;&#x43E;&#x432; &#x441; &#x437;&#x430;&#x43A;&#x440;&#x443;&#x442;&#x43A;&#x43E;&#x439; &#x442;&#x435;&#x43F;&#x43B;&#x43E;&#x43D;&#x43E;&#x441;&#x438;&#x442;&#x435;&#x43B;&#x44F; &#x438; &#x442;&#x443;&#x440;&#x431;&#x43E;&#x43D;&#x430;&#x434;&#x434;&#x443;&#x432;&#x43E;&#x43C;</subfield>
    <subfield code="f">&#x41A;. &#x410;. &#x42F;&#x43A;&#x438;&#x43C;&#x43E;&#x432;&#x438;&#x447;</subfield>
    <subfield code="g">&#x418;&#x43D;-&#x442; &#x432;&#x44B;&#x441;&#x43E;&#x43A;. &#x442;&#x435;&#x43C;&#x43F;&#x435;&#x440;&#x430;&#x442;&#x443;&#x440;</subfield>
  </datafield>
  <datafield tag="210" ind1=" " ind2=" ">
    <subfield code="a">&#x41C;.</subfield>
    <subfield code="c">&#x41E;&#x418;&#x412;&#x422;</subfield>
    <subfield code="d">2003</subfield>
  </datafield>
  <datafield tag="215" ind1=" " ind2=" ">
    <subfield code="a">48 &#x441;.</subfield>
    <subfield code="c">&#x438;&#x43B;.</subfield>
    <subfield code="d">20</subfield>
  </datafield>
  <datafield tag="225" ind1="1" ind2=" ">
    <subfield code="a">&#x41F;&#x440;&#x435;&#x43F;&#x440;&#x438;&#x43D;&#x442; &#x41E;&#x418;&#x412;&#x422; &#x420;&#x410;&#x41D;</subfield>
    <subfield code="f">&#x420;&#x43E;&#x441;. &#x430;&#x43A;&#x430;&#x434;. &#x43D;&#x430;&#x443;&#x43A;, &#x41E;&#x431;&#x44A;&#x435;&#x434;. &#x438;&#x43D;-&#x442; &#x432;&#x44B;&#x441;&#x43E;&#x43A;&#x438;&#x445; &#x442;&#x435;&#x43C;&#x43F;&#x435;&#x440;&#x430;&#x442;&#x443;&#x440;</subfield>
    <subfield code="v">N&#xB0; 2-469</subfield>
  </datafield>
  <datafield tag="313" ind1=" " ind2=" ">
    <subfield code="a">&#x423;&#x432;&#x435;&#x43B;&#x438;&#x447;&#x435;&#x43D;&#x438;&#x435; &#x43D;&#x435;&#x444;&#x442;&#x435;&#x43E;&#x442;&#x434;&#x430;&#x447;&#x438; &#x43F;&#x430;&#x440;&#x43E;&#x43C;</subfield>
  </datafield>
  <datafield tag="320" ind1=" " ind2=" ">
    <subfield code="a">&#x411;&#x438;&#x431;&#x43B;&#x438;&#x43E;&#x433;&#x440;.: &#x441;. 45-48</subfield>
  </datafield>
  <datafield tag="606" ind1="0" ind2=" ">
    <subfield code="a">&#x41D;&#x435;&#x444;&#x442;&#x44F;&#x43D;&#x44B;&#x435; &#x43F;&#x43B;&#x430;&#x441;&#x442;&#x44B;</subfield>
    <subfield code="x">&#x41D;&#x435;&#x444;&#x442;&#x435;&#x43E;&#x442;&#x434;&#x430;&#x447;&#x430;</subfield>
    <subfield code="x">&#x41F;&#x43E;&#x432;&#x44B;&#x448;&#x435;&#x43D;&#x438;&#x435;</subfield>
    <subfield code="x">&#x41F;&#x440;&#x438;&#x43C;&#x435;&#x43D;&#x435;&#x43D;&#x438;&#x435; &#x43F;&#x43E;&#x432;&#x435;&#x440;&#x445;&#x43D;&#x43E;&#x441;&#x442;&#x43D;&#x43E;-&#x430;&#x43A;&#x442;&#x438;&#x432;&#x43D;&#x44B;&#x445; &#x432;&#x435;&#x449;&#x435;&#x441;&#x442;&#x432;</subfield>
    <subfield code="9">1699194</subfield>
    <subfield code="3">RU\NLR\auth\66756173</subfield>
  </datafield>
  <datafield tag="606" ind1="0" ind2=" ">
    <subfield code="a">&#x41F;&#x430;&#x440;&#x43E;&#x432;&#x43E;&#x434;&#x44F;&#x43D;&#x44B;&#x435; &#x43A;&#x43E;&#x442;&#x43B;&#x44B;</subfield>
    <subfield code="9">1813202</subfield>
    <subfield code="3">RU\NLR\auth\66818188</subfield>
  </datafield>
  <datafield tag="610" ind1="0" ind2=" ">
    <subfield code="a">&#x412;&#x43E;&#x434;&#x43E;&#x433;&#x440;&#x435;&#x439;&#x43D;&#x44B;&#x435; &#x43A;&#x43E;&#x442;&#x43B;&#x44B; - &#x418;&#x441;&#x441;&#x43B;&#x435;&#x434;&#x43E;&#x432;&#x430;&#x43D;&#x438;&#x435;</subfield>
  </datafield>
  <datafield tag="675" ind1=" " ind2=" ">
    <subfield code="a">621.181.6</subfield>
    <subfield code="v">3</subfield>
    <subfield code="z">rus</subfield>
  </datafield>
  <datafield tag="686" ind1=" " ind2=" ">
    <subfield code="a">44.31</subfield>
    <subfield code="2">rugasnti</subfield>
  </datafield>
  <datafield tag="686" ind1=" " ind2=" ">
    <subfield code="a">31.36</subfield>
    <subfield code="2">rubbk</subfield>
  </datafield>
  <datafield tag="686" ind1=" " ind2=" ">
    <subfield code="a">&#x418;361.73-5</subfield>
  </datafield>
  <datafield tag="700" ind1=" " ind2="1">
    <subfield code="a">&#x42F;&#x43A;&#x438;&#x43C;&#x43E;&#x432;&#x438;&#x447;</subfield>
    <subfield code="b">&#x41A;. &#x410;.</subfield>
    <subfield code="4">070</subfield>
  </datafield>
  <datafield tag="801" ind1=" " ind2="0">
    <subfield code="a">RU</subfield>
    <subfield code="b">RKP</subfield>
    <subfield code="c">20030606</subfield>
    <subfield code="g">PSBO</subfield>
  </datafield>
  <datafield tag="801" ind1=" " ind2="1">
    <subfield code="a">RU</subfield>
    <subfield code="b">RKP</subfield>
    <subfield code="c">20030606</subfield>
  </datafield>
  <datafield tag="801" ind1=" " ind2="2">
    <subfield code="a">RU</subfield>
    <subfield code="b">NLR</subfield>
    <subfield code="c">20070319</subfield>
    <subfield code="g">rcr</subfield>
  </datafield>
  <datafield tag="942" ind1=" " ind2=" ">
    <subfield code="c">BOOK</subfield>
  </datafield>
  <datafield tag="980" ind1=" " ind2=" ">
    <subfield code="a">NB</subfield>
  </datafield>
  <datafield tag="995" ind1=" " ind2=" ">
    <subfield code="5">2003-06-16</subfield>
    <subfield code="a">ad</subfield>
    <subfield code="b">NLR01</subfield>
    <subfield code="c">NLR01</subfield>
    <subfield code="e">RF3</subfield>
    <subfield code="f">498630</subfield>
    <subfield code="k">2003-4/11047</subfield>
    <subfield code="o">0</subfield>
    <subfield code="r">BOOK</subfield>
    <subfield code="s">2003411047_</subfield>
  </datafield>
  <datafield tag="995" ind1=" " ind2=" ">
    <subfield code="5">2003-06-16</subfield>
    <subfield code="a">ad</subfield>
    <subfield code="b">NLR01</subfield>
    <subfield code="c">NLR01</subfield>
    <subfield code="e">RF3</subfield>
    <subfield code="f">498631</subfield>
    <subfield code="k">2003-4/11047</subfield>
    <subfield code="o">0</subfield>
    <subfield code="r">BOOK</subfield>
    <subfield code="s">2003411047_</subfield>
  </datafield>
</record>
